000
00338pab a2200145 454500
008
180718b2004 xxu||||| |||| 00| 0 eng d
100
_a
Patel, I.G.
245
_a
On privatisation
260
_c
2004
300
_a
p.2421-422.
362
_a
12 Jun
650
_a
Privatization
773
_a
Economic and Political Weekly
909
_a
61153
999
_c
61153
_d
61153